000 00549 a2200181 4500
020 _a0155510304
040 _aDLC
_bDLC
082 0 0 _a410
100 1 _aTraugott, Elizabeth Closs.
245 1 0 _aLinguistics for students of literature
_cElizabeth Closs Traugott, Mary Louise Pratt.
260 _aIslamabad :
_bNational Book Foundation,
_cc1980.
300 _axv, 444 p. :
_bill. ;
_c24 cm.
500 _aIncludes index.
650 0 _aLinguistics.
650 0 _aEnglish philology.
700 1 _aPratt, Mary Louise,
_d1948-
942 _cBK
_k410 TRA
_2ddc
999 _c7402
_d7402